000 00188 a2200097 4500
001 45343
100 _a
245 _aThe book of knowledge
260 _a
_bDean
_c
090 _c28511
_d28511
942 _aNUST-CAE
_cM
_c20571
999 _c280416
_d280416